00405nam a2200157Ia 4500008004100000020001800041082000800059100002600067245004200093250000600135260003000141300001500171500002400186650001500210700002200225230524s9999 xx 000 0 und d a9788126527649 bINC a" Incropera, Frank P" 0aFundamental of Heat and Mass Transfer a6 aNerw DelhibJ.Wileyc2011 axxv;925 p. aQuantity Number: 2 aMechanical a"Dewitt, David P"